| 000 | 00382nam a22001577a 4500 | ||
|---|---|---|---|
| 003 | OSt | ||
| 008 | 240426b |||||||| |||| 00| 0 eng d | ||
| 020 | _a9789355730305 | ||
| 082 | _a658.872 KAC | ||
| 100 | _aKAPOOR,Neeru | ||
| 245 | _aConcept Building Approach to Digital Marketing | ||
| 250 | _a2nd Ed | ||
| 260 |
_aNew Delhi _bCangage _c2023 |
||
| 300 | _a186 | ||
| 942 |
_2ddc _cBK |
||
| 999 |
_c12557 _d12557 |
||